Statistics for Alla chipssmaker från OLW och Estrella (15 feb 2023)

Click here to take the quiz!

General Stats

  • This quiz has been taken 43 times
  • The average score is 6 of 42

Answer Stats

MärkeChipssmaker% Correct
OLW & EstrellaGrill
100%
EstrellaDill
96%
OLW & EstrellaSourcream & onion
86%
OLWRanch
57%
OLW & EstrellaSaltade
36%
OLWHavssalt
32%
OLWCream cheese
29%
EstrellaSalt & Vinäger
29%
EstrellaBBQ
25%
EstrellaPepparchips
21%
EstrellaVickningschips
21%
OLW3xlök
14%
EstrellaCheddar & sourcream
14%
OLWDill & Gräslök
14%
OLWBrynt smör och havssalt
7%
OLWGräddfil och lök
7%
EstrellaKaramelliserad rödlök
7%
EstrellaRanch & sourcream
7%
EstrellaBrynt smör & chili
4%
OLWCheddar och gräddfil
4%
OLWChili cream cheese
4%
OLWGrilled and glazed ribs
4%
OLWHavssalt & peppar
4%
OLWHot Ranch
4%
OLWSmör och Havssalt
4%
OLWSmör och havssalt
4%
OLWSuper cheesy burger
4%
OLWB.I.G cheddar
0%
OLWBig cuts umami och havssalt
0%
OLWCheddar Royale & sourcream
0%
OLWCreamy Jalapeno
0%
OLWFresh Island garlic
0%
EstrellaGräslök & cream cheese
0%
EstrellaHow sweet chili
0%
OLWMild chili & Syrad grädde
0%
EstrellaParmesan & havssalt
0%
OLWSir salty vinegar
0%
EstrellaSötpotatis havssalt
0%
EstrellaSötpotatis Sourcream & onion
0%
OLWSourcream & Onion Chili Tingle
0%
EstrellaUgnsbakade
0%
EstrellaVitlök, gräslök & chili
0%

Score Distribution

Percentile by Number Answered

Percent of People with Each Score

Your Score History

You have not taken this quiz